| 000 | 00384nam a2200157Ia 4500 | ||
|---|---|---|---|
| 008 | 231217s9999 xx 000 0 und d | ||
| 020 | _a8178811855 | ||
| 041 | _aEnglish | ||
| 082 | _a658.848 CHA1;1 R | ||
| 100 | _aChandra Sekhar Y ed.. | ||
| 245 | 0 | _aWTO: the emerging agenda | |
| 260 |
_c2004 _bICFAI _aHyderabad |
||
| 300 | _axi+185 | ||
| 650 | _aWTO:,agenda | ||
| 942 | _cAA | ||
| 999 |
_c191902 _d191902 |
||